00715nam a2200217Ia 4500003000400000005001700004006001800021007000300039008004100042024001100083037001100094040001800105041001300123100002000136110008900156245011000245260000900355650001500364700002900379700008900408OSt20220930090601.0a|||||r|||| 00| 0ta220926b |||||||| |||| 00| 0 eng d a118160 cTheses aCRLcCRLbeng 2engaeng aRavichandran A. aUniversity of Delhi. Faculty of Management Studies. Department of Management Studies 0aHuman recource issues and challenges in higher education b A study on professional institutions in India c2011 aMANAGEMENT a Dr. A. Venkat Raman Gu. aUniversity of Delhi. Faculty of Management Studies. Department of Management Studies